Neuro-Fuzzy and Soft Computing : a computational approach to learning and machine intelligence (Record no. 4843)
[ view plain ]
| 000 -LEADER | |
|---|---|
| fixed length control field | 00525nam a2200169 a 4500 |
| 020 ## - INTERNATIONAL STANDARD BOOK NUMBER | |
| ISBN | 0132610663 (paperback) |
| 020 ## - INTERNATIONAL STANDARD BOOK NUMBER | |
| ISBN | 9780132610667 (paperback) |
| 100 1# - MAIN ENTRY--AUTHOR NAME | |
| Personal name | Jang, Jyh-Shing Roger. |
| 245 10 - TITLE STATEMENT | |
| Title | Neuro-Fuzzy and Soft Computing : a computational approach to learning and machine intelligence |
| 250 ## - EDITION STATEMENT | |
| Edition statement | 1st ed. |
| 260 ## - PUBLICATION, DISTRIBUTION, ETC. (IMPRINT) | |
| Place of publication | [S.l.] : |
| Name of publisher | Prentice Hall, |
| Year of publication | 2008. |
| 300 ## - PHYSICAL DESCRIPTION | |
| Number of Pages | 614 p. ; |
| 700 1# - ADDED ENTRY--PERSONAL NAME | |
| Personal name | Sun, Chuen-Tsai. |
| 700 1# - ADDED ENTRY--PERSONAL NAME | |
| Personal name | Mizutani, Eiji. |
| 856 40 - ELECTRONIC LOCATION AND ACCESS | |
| Uniform Resource Identifier | http://10.10.170.122:8080/browse/book/18577 |
| 942 ## - ADDED ENTRY ELEMENTS (KOHA) | |
| Koha item type | Books |
| Withdrawn status | Lost status | Home library | Current library | Date acquired | Cost, normal purchase price | Full call number | Accession Number | Koha item type |
|---|---|---|---|---|---|---|---|---|
| Central Library, QUEST, Nawabshah | Central Library, QUEST, Nawabshah | 02/06/2014 | 742.00 | 005.133JAN | 45320 | Books | ||
| Central Library, QUEST, Nawabshah | Central Library, QUEST, Nawabshah | 22/05/2018 | 788.00 | 006.3JAN | 57406 | Books | ||
| Central Library, QUEST, Nawabshah | Central Library, QUEST, Nawabshah | 22/05/2018 | 788.00 | 006.3JAN | 57407 | Books |